| 000 | 00918cam a22003017a 4500 | ||
|---|---|---|---|
| 003 | CHAP | ||
| 005 | 20220329142513.0 | ||
| 008 | 010810d 1997mx r 00110 spa d | ||
| 010 | _a84424 | ||
| 011 | _a85396 | ||
| 035 | _a95929 | ||
| 040 | _cCHAP | ||
| 090 | _aFolleto 16260 | ||
| 100 | 0 | 0 |
_aTerborg, Margitta. _9112348 |
| 245 | 1 | 3 |
_aLa comisión mixta, instrumento de concertación _c/por Margitta Terborg |
| 260 |
_aMéxico D.F. : _bFriedrich Ebert Stiftung, _c1997. |
||
| 300 | _a13 p. | ||
| 490 | 0 |
_aMateriales de trabajo _v; No. 1 |
|
| 590 |
_aBATCH-UPD _b10 _c20130110 _lUCH01 _h0614 |
||
| 590 |
_aCONVERSION _b10 _c20130109 _lUCH01 _h1347 |
||
| 650 | 1 | 4 |
_aPoder. _989471 |
| 650 | 1 | 4 |
_aToma de decisiones. _9113662 |
| 830 | 0 | 0 |
_aMateriales de trabajo _v; No. 1 _972953 |
| 901 | _aBK | ||
| 905 | _aMarco A. Mendoza T. | ||
| 942 | _cFOLL | ||
| 949 |
_aFolleto 16260 _bBC _cFOLL _d33724002017025 _eTS1 _i95929 _sb |
||
| 999 |
_c84424 _d84424 |
||